| 000 | 01193cam a2200337 a 4500 | ||
|---|---|---|---|
| 001 | 13667334 | ||
| 005 | 20211206185348.0 | ||
| 008 | 040719s2004 pk b 001 0 eng | ||
| 010 | _a 2004439302 | ||
| 020 | _a9694150639 | ||
| 025 | _aP-E-2004439302; 17; 23 | ||
| 035 | _a(DLC) 2004439302 | ||
| 040 |
_aDLC _cDLC |
||
| 042 | _alcode | ||
| 043 | _aa-pk--- | ||
| 050 | 0 | 0 |
_aHM1261 _b.A38 2004 |
| 082 |
_a303.340954 _bAKH |
||
| 100 | 1 |
_aAkhtar, Tanvir. _985805 |
|
| 245 | 1 | 0 |
_aPolitical, organizational, and military leadership in Pakistan / _cTanvir Akhtar. |
| 260 |
_aIslamabad : _bNational Istitute of Historical and Cultural Research, Centre of Excellence, Quaid-i-Azam University, _c2004. |
||
| 300 |
_a127 p. ; _c25 cm. |
||
| 500 | _aRevision of the author's thesis. | ||
| 504 | _aIncludes bibliographical references (p. 109-121) and index. | ||
| 650 | 0 |
_aLeadership. _985806 |
|
| 650 | 0 |
_aLeadership _zPakistan. _985807 |
|
| 650 | 0 |
_aLeadership _xPsychological aspects. _985808 |
|
| 650 | 0 |
_aSocial surveys _zPakistan. _985809 |
|
| 906 |
_a7 _bcbc _corigode _d3 _encip _f20 _gy-gencatlg |
||
| 942 |
_2ddc _cBK |
||
| 999 |
_c587117 _d587117 |
||